| 000 | 01208nam0a2200349 i 4500 | ||
|---|---|---|---|
| 001 | RU\NLR\BIBL_A\011252876 | ||
| 005 | 20260405205916.0 | ||
| 010 |
_a9785170950973 _93000 |
||
| 021 |
_aRU _b2016-77364 _95034 |
||
| 035 | _a(NILC)RuMoRGB-008646645 | ||
| 035 | _a(NLR Aleph) 011252876 | ||
| 090 |
_a12176985 _c12176985 |
||
| 100 | _a20161025d2016 d y0rusy50 ca | ||
| 101 | 1 |
_arus _ceng |
|
| 102 | _aRU | ||
| 105 | _aa z 000ay | ||
| 200 | 1 |
_aЗвери-воители _iПротив течения _e[повесть _eдля среднего школьного возраста] _fТуи Т. Сазерленд _gпер. с англ. Эльвиры Фарниевой |
|
| 210 |
_aМосква _cАСТ _d2016 |
||
| 215 |
_a253, [1] с. _cил. _d21 |
||
| 225 | 1 |
_aЗвери-воители _vкн. 5 |
|
| 225 | 1 | _aSpirit animals | |
| 333 | _a12+ | ||
| 675 | _a821.111(73)-93 | ||
| 686 | 0 | _aШ9(7США)62-4 | |
| 700 | 1 |
_7ca _8rus _aСазерленд _bТ. _f1978- _gТай _976049 _3RU\NLR\AUTH\7793123 |
|
| 801 | 0 |
_aRU _bРГБ _c20161012 _gRCR |
|
| 942 | _cBOOK | ||
| 980 | _aNBR | ||